000 00362 a2200109 4500
001 ART_7611
005 20260410161637.0
008 260409a
245 1 0 _aLos instrumentos financieros derivados y sus implicancias impositivas (Segunda parte)
100 1 _aCalcagno, Gabriel A
773 0 _tConsultor tributario
_g- NÂș 4 (jun. 2007)
_wREV474
999 _c12986
_d12986